000 00643nam a2200241Ia 4500
003 OSt
005 20240723105348.0
008 210423s2016 xx 000 0 und d
020 _a978-93-5173-078-1
040 _cAL
041 _aeng
082 _a336.243 MEHC
100 _aMehrotra H C
_9107931
245 _aCorporate tax planning and management
260 _aAgra
_bSahitya Bhawan Publications
_c2016
300 _aii,350
_bPB
365 _b250
_cINR
650 _aEconomics
_9107932
650 _aPublic Finance
_9107933
700 _aGoyal S P
_9173944
906 _aCorporate ; management ; planning ; tax
942 _2ddc
_cBK
999 _c167726
_d167726